Brahma sutras/ (Record no. 206247)

MARC details
000 -LEADER
fixed length control field 00630nam a22002057a 4500
005 - DATE AND TIME OF LATEST TRANSACTION
control field 20241010123850.0
010 ## - LCCN (DPL NO)
LC control number ENG-142025
020 ## - INTERNATIONAL STANDARD BOOK NUMBER
Terms of availability 160.00
035 ## - SYSTEM CONTROL NUMBER
System control number EN-125557
037 ## - SOURCE OF ACQUISITION
Source of stock number/acquisition DBAD
082 ## - DEWEY DECIMAL CLASSIFICATION NUMBER
Classification number 230.2
245 ## - TITLE STATEMENT
Title Brahma sutras/
260 ## - PUBLICATION, DISTRIBUTION, ETC. (IMPRINT)
Place of publication, distribution, etc Madurai Tamil Nadu
Name of publisher, distributor, etc Sri Vasanthasai Books & Publications Trust
270 ## - ADDRESS
City Madurai Tamil Nadu
Address Mukhi Nilayam Royapalayam Village, B.O. Virudhunagar Road
Postal code 625706
300 ## - PHYSICAL DESCRIPTION
Extent 235p.
Dimensions 21cm(Pb)
500 ## - GENERAL NOTE
General note Includes index
650 ## - SUBJECT ADDED ENTRY--TOPICAL TERM
Topical term or geographic name as entry element Hindu philosophy
650 ## - SUBJECT ADDED ENTRY--TOPICAL TERM
Topical term or geographic name as entry element Brahmasūtra (Bādarāyaṇa)
942 ## - ADDED ENTRY ELEMENTS (KOHA)
Source of classification or shelving scheme Dewey Decimal Classification
Item type English Books
Classification part 230.2
Call number suffix BRA
Holdings
Withdrawn status Lost status Not for loan Collection code Home library Current library Date acquired Source of acquisition Cost, normal purchase price Full call number Barcode Copy number Cost, replacement price Koha item type
    Not For Loan Non-fiction Bawana Bawana 10/10/2024 Delivery of Books Act Division 160.00 230.2 BRA EN-125557 1 160.00 English Books

© Delhi Public Library
Hit Counter
free hit counter